000 00358nam a22001697a 4500
003 UA-OsUOA
001 5009
007 ta
008 20050721b un ||||| |||| 00| 0 ukr d
100 _aRedfern
700 _aRon
942 _cBK
040 _aUA-OsUOA
_cUA-OsUOA
_dUA-OsUOA
245 _aCorridors of Time.
_bCountry Studies
955 _a2
650 7 _2UDC
999 _c291171
_d291171